000 00998nam a2200313 i 4500
001 185475
003 ES-MaACL
005 20250813055708.0
008 160609s1990 sp |||| | spa d
020 _a84-306-0132-5
080 _a305-055.2(38)
080 _a305-055.2:2
080 _a255.2-14/-17
100 1 _aIriarte, Ana (
_d1956-)
_9159812
245 1 4 _aLas redes del enigma
_b: voces femeninas en el pensamiento griego /
_cAna Iriarte.
260 _aMadrid :
_bTaurus,
_c[1990]
300 _a161 p. ;
_c21 cm.
490 1 _aHumanidades.
_aHistoria
500 _aÍndice.
504 _aBibliografía: p. 149-157.
594 _aPrólogo de N. Loraux.
650 4 _aMujeres-
_zGrecia.
_915288
650 4 _aMujeres-
_xMitología.
_915304
650 0 4 _aMitología griega.
_915104
700 1 _aLoraux, Nicole.
_974067
830 0 0 _aHumanidades (Taurus).
_pHistoria
_9177933
852 _aES-MaACL
_jL-30363
_z. - Donat. Miguel A. Velasco
999 _c185475
_d185475